000 00472 a2200145 4500
999 _c2848
_d2848
020 _a9781846909214
050 _aHF5500 TET 2010
100 _aTetley, Conrad
_eauthor
245 _aBTEC entry 3/level 1 business administration /
_cConrad Tetley
264 _aHarlow
_bPearson Education
_c2010
300 _a167p. :
_bill. (col.)
500 _aIncludes index
650 _aIndustrial management.
_xIndustrial management -- Problems, exercises
942 _2lcc
_cBK
_h5500
_iTET
_kHF